Welcome to the Holygrace Academy Library

Please use search bar below to get started

GOOSEBUMPS HORRORLAND (Record no. 8026)

MARC details
000 -LEADER
fixed length control field 00630nam a22001457a 4500
020 ## - INTERNATIONAL STANDARD BOOK NUMBER
ISBN 978-0-439-91880-0
082 ## - DEWEY DECIMAL CLASSIFICATION NUMBER
Classification number 823
Item number STI/G
100 ## - MAIN ENTRY--AUTHOR NAME
Personal name STINE, R L
245 ## - TITLE STATEMENT
Title GOOSEBUMPS HORRORLAND
260 ## - PUBLICATION, DISTRIBUTION, ETC. (IMPRINT)
Place of publication LONDON
Name of publisher SCHOLASTIC
Year of publication 2009
300 ## - PHYSICAL DESCRIPTION
Number of Pages 137
520 ## - SUMMARY, ETC.
Summary, etc In the final book in the HorrorLand series, a group of kids are trapped in HorrorLand. Desperate to escape a villian who is trying to manipulate their lives, they wander into Panic Park. But new terrors await them there. It's only by teaming up with unlikely allies that they have a chance to survive.
650 ## - SUBJECT ADDED ENTRY--TOPICAL TERM
Topical Term CHILDRENS STORY BOOK
Geographic subdivision UNITED KINGDOM
942 ## - ADDED ENTRY ELEMENTS (KOHA)
Koha item type Books
Holdings
Withdrawn status Lost status Collection code Home library Current library Shelving location Date acquired Source of acquisition Cost, normal purchase price Full call number Accession Number Koha item type
    Fiction Main Library Main Library SHELF 4-A GOOSEBUMPS 26/11/2019 purchase 250.00 823 STI/G 12034 Books